[Event "29. Abierto Ciudad de Sevilla"]
[Site "Sevilla ESP"]
[Date "2004.01.10"]
[Round "2.1"]
[White "Lopez Gonzalez, Daniel"]
[Black "Epishin, Vladimir"]
[Result "1/2-1/2"]
[WhiteElo "2113"]
[BlackElo "2633"]
[PlyCount "96"]
[EventDate "2004.01.09"]
[EventType "swiss"]
[EventRounds "9"]
[EventCountry "ESP"]
[Source "lmi"]
[SourceDate "2004.01.17"]

1. Nf3 Nf6 2. c4 e6 3. Nc3 Bb4 4. Qc2 O-O 5. a3 Bxc3 6. Qxc3 b6 7. b4 Bb7 8.
Bb2 d6 9. e3 Nbd7 10. Be2 e5 11. d3 Re8 12. O-O c5 13. b5 d5 14. cxd5 Nxd5 15.
Qb3 Re6 16. g3 Nc7 17. Nd2 Bd5 18. Nc4 Qe7 19. e4 Bxc4 20. Qxc4 Rd8 21. a4 Nf6
22. f4 exf4 23. Rxf4 Ncd5 24. exd5 Rxe2 25. Bxf6 Qe3+ 26. Kh1 Qd2 27. Qa2 Rxh2+
28. Kg1 Rg2+ 29. Kh1 gxf6 30. Qxd2 Rxd2 31. a5 Rxd5 32. axb6 axb6 33. Rxf6
R2xd3 34. Rxb6 Rxg3 35. Kh2 Rg4 36. Kh3 h5 37. Rf6 Rd3+ 38. Kh2 c4 39. Ra7 Rd2+
40. Kh3 Rd1 41. Kh2 Rh4+ 42. Kg3 Rg4+ 43. Kh2 c3 44. Rfxf7 c2 45. Rfc7 Rd2+ 46.
Kh3 Rd3+ 47. Kh2 Rd2+ 48. Kh3 Rd3+ 1/2-1/2

[Event "29. Abierto Ciudad de Sevilla"]
[Site "Sevilla ESP"]
[Date "2004.01.10"]
[Round "2.2"]
[White "Korneev, Oleg"]
[Black "Straub, Peter"]
[Result "1-0"]
[WhiteElo "2566"]
[BlackElo "2117"]
[PlyCount "87"]
[EventDate "2004.01.09"]
[EventType "swiss"]
[EventRounds "9"]
[EventCountry "ESP"]
[Source "lmi"]
[SourceDate "2004.01.17"]

1. e4 c5 2. Nf3 e6 3. d4 cxd4 4. Nxd4 a6 5. Bd3 Nf6 6. O-O d6 7. c4 Bd7 8. Nc3
Nc6 9. Nxc6 Bxc6 10. Qe2 Be7 11. Bf4 O-O 12. Rfd1 Qa5 13. a3 Rfd8 14. b4 Qh5
15. Qxh5 Nxh5 16. Be3 Nf6 17. f3 Rdc8 18. Rac1 Be8 19. Bf1 Rc7 20. a4 Nd7 21.
Bf4 Rc6 22. a5 Rac8 23. c5 e5 24. Be3 dxc5 25. b5 Rf6 26. Nd5 Bf8 27. b6 Rfc6
28. Nc7 R8xc7 29. bxc7 Rxc7 30. Bc4 Be7 31. f4 Kf8 32. Bd5 Bf6 33. Rb1 exf4 34.
Bxf4 Ne5 35. Rxb7 Rxb7 36. Bxb7 Bb5 37. Rd6 Nc4 38. Bxa6 Be7 39. Rb6 Nxb6 40.
Bxb5 Nc8 41. Bd7 g5 42. Bg3 Nd6 43. a6 Nc4 44. Bc7 1-0

[Event "29. Abierto Ciudad de Sevilla"]
[Site "Sevilla ESP"]
[Date "2004.01.10"]
[Round "2.4"]
[White "Cheparinov, Ivan"]
[Black "Ramos Suria, Felix"]
[Result "1-0"]
[WhiteElo "2550"]
[BlackElo "2110"]
[PlyCount "55"]
[EventDate "2004.01.09"]
[EventType "swiss"]
[EventRounds "9"]
[EventCountry "ESP"]
[Source "lmi"]
[SourceDate "2004.01.17"]

1. e4 e5 2. Nf3 Nc6 3. Bb5 a6 4. Ba4 Nf6 5. O-O Be7 6. Re1 b5 7. Bb3 O-O 8. h3
Bb7 9. d3 Re8 10. c3 Bf8 11. Bg5 h6 12. Bh4 g5 13. Bg3 Bg7 14. Nbd2 d5 15. exd5
Nxd5 16. d4 Nf4 17. Ne4 exd4 18. Bxf4 gxf4 19. Nc5 Rxe1+ 20. Qxe1 Qc8 21. Bd5
Na5 22. Nxb7 Nxb7 23. Qe7 Rb8 24. Qxf7+ Kh8 25. Nxd4 Nd6 26. Qxf4 Qf8 27. Qxf8+
Rxf8 28. Ne6 1-0

[Event "29. Abierto Ciudad de Sevilla"]
[Site "Sevilla ESP"]
[Date "2004.01.10"]
[Round "2.5"]
[White "Carrabeo Garcia, Manuel"]
[Black "Spraggett, Kevin"]
[Result "0-1"]
[WhiteElo "2105"]
[BlackElo "2536"]
[PlyCount "58"]
[EventDate "2004.01.09"]
[EventType "swiss"]
[EventRounds "9"]
[EventCountry "ESP"]
[Source "lmi"]
[SourceDate "2004.01.17"]

1. d4 f5 2. c4 Nf6 3. Nf3 g6 4. g3 Bg7 5. Bg2 O-O 6. O-O d6 7. b3 Qe8 8. Bb2
Na6 9. Nbd2 Rb8 10. Qc2 b5 11. Rad1 c6 12. Rfe1 Bd7 13. e4 fxe4 14. Nxe4 Nxe4
15. Qxe4 bxc4 16. Qe2 Nb4 17. Qxc4+ Kh8 18. Ng5 Nd5 19. Ne6 Bxe6 20. Rxe6 Rxf2
21. Kxf2 Qf7+ 22. Kg1 Qxe6 23. Bxd5 cxd5 24. Qc3 Rc8 25. Qd2 Qg4 26. Re1 Bf6
27. Kg2 Kg8 28. Re2 Qf5 29. Bc3 h5 0-1

[Event "29. Abierto Ciudad de Sevilla"]
[Site "Sevilla ESP"]
[Date "2004.01.10"]
[Round "2.6"]
[White "Teske, Henrik"]
[Black "Hidalgo Begines, Pablo"]
[Result "0-1"]
[WhiteElo "2526"]
[BlackElo "2102"]
[PlyCount "64"]
[EventDate "2004.01.09"]
[EventType "swiss"]
[EventRounds "9"]
[EventCountry "ESP"]
[Source "lmi"]
[SourceDate "2004.01.17"]

1. e4 d6 2. d4 g6 3. Nc3 Bg7 4. Bg5 Nc6 5. d5 Nd4 6. Nge2 c5 7. dxc6 Nxc6 8.
Qd2 Nf6 9. O-O-O O-O 10. f3 Bd7 11. h4 Ne5 12. Ng3 h5 13. f4 Neg4 14. Bc4 b5
15. Bb3 b4 16. Nd5 Nxd5 17. Bxd5 Rc8 18. f5 Kh8 19. Rhf1 Ba4 20. b3 Bb5 21.
Qxb4 Bxf1 22. Rxf1 Qc7 23. c4 a5 24. Qd2 a4 25. e5 dxe5 26. Qc2 axb3 27. axb3
e4 28. Bf4 Qa5 29. Nxe4 gxf5 30. Nd2 e6 31. Bb7 Rcd8 32. Rf3 Qb6 0-1

[Event "29. Abierto Ciudad de Sevilla"]
[Site "Sevilla ESP"]
[Date "2004.01.10"]
[Round "2.7"]
[White "Pereira Figueroa, Manuel"]
[Black "Franco Ocampos, Zenon"]
[Result "1/2-1/2"]
[WhiteElo "2094"]
[BlackElo "2524"]
[PlyCount "153"]
[EventDate "2004.01.09"]
[EventType "swiss"]
[EventRounds "9"]
[EventCountry "ESP"]
[Source "lmi"]
[SourceDate "2004.01.17"]

1. d4 d5 2. c4 c6 3. Nf3 Nf6 4. cxd5 cxd5 5. Nc3 Nc6 6. Bf4 Ne4 7. e3 Nxc3 8.
bxc3 g6 9. Ne5 Bg7 10. Qa4 Bxe5 11. Bxe5 O-O 12. Bg3 Bf5 13. Be2 a6 14. O-O b5
15. Qa3 Na5 16. Bh4 f6 17. f3 Bc2 18. Rac1 Ba4 19. e4 e6 20. Bd3 Rc8 21. Rfe1
Rf7 22. exd5 Qxd5 23. Be4 Qd7 24. Qb2 Nc4 25. Qe2 Nb6 26. Bb1 Rc6 27. Be4 Nd5
28. Qd2 Kg7 29. h3 Rf8 30. Bxd5 Qxd5 31. Re4 Rf7 32. Qe3 Qxa2 33. Be1 Bb3 34.
h4 Bd5 35. Rg4 Qa3 36. h5 g5 37. h6+ Kf8 38. f4 Qb2 39. Bd2 gxf4 40. Qxf4 e5
41. dxe5 fxe5 42. Qg5 Rcf6 43. Re1 Be6 44. Rg3 Qc2 45. Rxe5 Qg6 46. Qh4 Qb1+
47. Re1 Qb3 48. Qg5 Ke8 49. Qc5 Qc4 50. Rg8+ Kd7 51. Qa7+ Qc7 52. Qd4+ Kc6 53.
Bg5 Rf1+ 54. Rxf1 Rxf1+ 55. Kxf1 Bxg8 56. Be3 Qd6 57. Qxd6+ Kxd6 58. Ke2 a5 59.
Bb6 a4 60. Ba5 Kd5 61. Bb4 Kc4 62. Kd2 Kb3 63. Kc1 Ka2 64. Kc2 Bf7 65. c4 bxc4
66. Bc3 Bg6+ 67. Kc1 Bf5 68. Bd4 a3 69. Bc3 Be4 70. g4 Bf3 71. g5 Be4 72. Bd4
Kb3 73. Kd2 Bg6 74. Bc3 Bf5 75. Bd4 Ka2 76. Kc1 Kb3 77. Kd2 1/2-1/2

[Event "29. Abierto Ciudad de Sevilla"]
[Site "Sevilla ESP"]
[Date "2004.01.10"]
[Round "2.8"]
[White "Strikovic, Aleksa"]
[Black "Peña Dieguez, Manuel"]
[Result "1-0"]
[WhiteElo "2524"]
[BlackElo "2093"]
[PlyCount "31"]
[EventDate "2004.01.09"]
[EventType "swiss"]
[EventRounds "9"]
[EventCountry "ESP"]
[Source "lmi"]
[SourceDate "2004.01.17"]

1. Nf3 f5 2. d3 g6 3. e4 d6 4. exf5 Bxf5 5. d4 Bg7 6. Bd3 Qd7 7. O-O Nc6 8.
Bxf5 Qxf5 9. c4 e5 10. d5 Nd8 11. Nc3 Nf6 12. Qe2 O-O 13. Ng5 Nh5 14. g4 Qd7
15. gxh5 h6 16. Nge4 1-0

[Event "29. Abierto Ciudad de Sevilla"]
[Site "Sevilla ESP"]
[Date "2004.01.10"]
[Round "2.10"]
[White "Paunovic, Dragan"]
[Black "Draghici Flutur, Gavril"]
[Result "1-0"]
[WhiteElo "2517"]
[BlackElo "2059"]
[PlyCount "57"]
[EventDate "2004.01.09"]
[EventType "swiss"]
[EventRounds "9"]
[EventCountry "ESP"]
[Source "lmi"]
[SourceDate "2004.01.17"]

1. c4 e5 2. g3 f5 3. Bg2 Nf6 4. d3 d6 5. Nc3 c6 6. e4 Be7 7. Nge2 O-O 8. O-O a5
9. h3 Na6 10. Be3 Be6 11. exf5 Bxf5 12. f4 Qd7 13. g4 Bxg4 14. hxg4 Nxg4 15.
Qd2 Qf5 16. Ng3 Qf6 17. Bh3 Qh4 18. Kg2 Nxe3+ 19. Qxe3 exf4 20. Qe6+ Kh8 21.
Nf5 Qg5+ 22. Kh1 Bf6 23. Ne4 Qh5 24. Nfxd6 Rad8 25. Rxf4 Bxb2 26. Raf1 Bf6 27.
Nxf6 gxf6 28. Rxf6 Kg7 29. Qe7+ 1-0

[Event "29. Abierto Ciudad de Sevilla"]
[Site "Sevilla ESP"]
[Date "2004.01.10"]
[Round "2.11"]
[White "Campora, Daniel Hugo"]
[Black "Jimenez Algora, Manuel"]
[Result "1-0"]
[WhiteElo "2503"]
[BlackElo "2054"]
[PlyCount "51"]
[EventDate "2004.01.09"]
[EventType "swiss"]
[EventRounds "9"]
[EventCountry "ESP"]
[Source "lmi"]
[SourceDate "2004.01.17"]

1. e4 e6 2. d4 d5 3. Nc3 b6 4. Nf3 Bb7 5. exd5 Bxd5 6. Nxd5 exd5 7. Bd3 Bd6 8.
O-O Ne7 9. Re1 Nd7 10. Ng5 h5 11. c4 Nf6 12. Qc2 O-O 13. c5 Bxh2+ 14. Kxh2 Nc6
15. Qa4 Ng4+ 16. Kg1 Qf6 17. Nf3 bxc5 18. Bg5 Qd6 19. dxc5 Qxc5 20. Re2 Qb6 21.
Bb5 Na5 22. Bd7 Nc4 23. b3 Nd6 24. Rc1 c5 25. Be7 Ne4 26. Qc6 1-0

[Event "29. Abierto Ciudad de Sevilla"]
[Site "Sevilla ESP"]
[Date "2004.01.10"]
[Round "2.12"]
[White "Navarro Coloma, Antonio"]
[Black "Campos Moreno, Javier B"]
[Result "0-1"]
[WhiteElo "2011"]
[BlackElo "2498"]
[PlyCount "84"]
[EventDate "2004.01.09"]
[EventType "swiss"]
[EventRounds "9"]
[EventCountry "ESP"]
[Source "lmi"]
[SourceDate "2004.01.17"]

1. d4 Nf6 2. Nf3 g6 3. Bf4 Bg7 4. e3 O-O 5. Bd3 d6 6. Nbd2 Nbd7 7. c3 Qe8 8.
Qc2 e5 9. dxe5 dxe5 10. Bg5 Nc5 11. Bxf6 Bxf6 12. Ne4 Nxd3+ 13. Qxd3 Bg7 14.
Qc4 Qe7 15. Qc5 Qxc5 16. Nxc5 b6 17. Nb3 Rd8 18. Rd1 Ba6 19. Rd2 h6 20. Kd1 e4
21. Nfd4 c5 22. Ne2 Bc4 23. Kc1 Rxd2 24. Kxd2 Rd8+ 25. Ke1 f5 26. Nd2 Bxa2 27.
Nc1 Be6 28. Ke2 a5 29. Rd1 a4 30. Nb1 Bc4+ 31. Ke1 Rxd1+ 32. Kxd1 Kf7 33. Na3
Bf1 34. g3 Ke6 35. Ne2 g5 36. Nb5 Be5 37. Ke1 Bg2 38. Kd2 Kd5 39. Na3 Kc6 40.
Kc2 Bf1 41. Nc1 b5 42. Na2 h5 0-1

[Event "29. Abierto Ciudad de Sevilla"]
[Site "Sevilla ESP"]
[Date "2004.01.10"]
[Round "2.14"]
[White "Perez Perez, Manuel"]
[Black "Matamoros Franco, Carlos S"]
[Result "0-1"]
[WhiteElo "2010"]
[BlackElo "2490"]
[PlyCount "44"]
[EventDate "2004.01.09"]
[EventType "swiss"]
[EventRounds "9"]
[EventCountry "ESP"]
[Source "lmi"]
[SourceDate "2004.01.17"]

1. e4 e6 2. d3 c5 3. Nf3 Nc6 4. g3 g6 5. Bg2 Bg7 6. O-O Nge7 7. Re1 d6 8. c3 e5
9. a4 O-O 10. Be3 h6 11. d4 exd4 12. cxd4 d5 13. e5 cxd4 14. Nxd4 Nxe5 15. Bxh6
Bxh6 16. Rxe5 Bg7 17. Re1 Nc6 18. Nxc6 bxc6 19. Qc2 Qa5 20. Nc3 Rb8 21. Rac1
Bf5 22. Qd2 d4 0-1

[Event "29. Abierto Ciudad de Sevilla"]
[Site "Sevilla ESP"]
[Date "2004.01.10"]
[Round "2.17"]
[White "Khamrakulov, Ibragim S"]
[Black "De Lagontrie, Jean"]
[Result "1-0"]
[WhiteElo "2452"]
[BlackElo "1989"]
[PlyCount "65"]
[EventDate "2004.01.09"]
[EventType "swiss"]
[EventRounds "9"]
[EventCountry "ESP"]
[Source "lmi"]
[SourceDate "2004.01.17"]

1. e4 e6 2. d4 d5 3. e5 c5 4. c3 Nc6 5. Nf3 Qb6 6. a3 c4 7. Nbd2 f6 8. Be2 fxe5
9. Nxe5 Nxe5 10. dxe5 Bc5 11. O-O Ne7 12. b4 cxb3 13. Nxb3 O-O 14. Nxc5 Qxc5
15. Qd3 Bd7 16. a4 Rf7 17. Ba3 Qc7 18. Bd6 Qd8 19. c4 dxc4 20. Qxc4 Rc8 21. Qb3
Nd5 22. g3 Bc6 23. Bg4 Qe8 24. h4 b6 25. a5 Rb7 26. axb6 Rxb6 27. Qd1 Nc3 28.
Qd2 Qg6 29. Qg5 Qe4 30. Bxe6+ Kh8 31. f3 Qd4+ 32. Kh1 Rb2 33. Bxc8 1-0

[Event "29. Abierto Ciudad de Sevilla"]
[Site "Sevilla ESP"]
[Date "2004.01.10"]
[Round "2.18"]
[White "Gomez Feria, Jose M"]
[Black "Pogorelov, Ruslan"]
[Result "0-1"]
[WhiteElo "1989"]
[BlackElo "2451"]
[PlyCount "40"]
[EventDate "2004.01.09"]
[EventType "swiss"]
[EventRounds "9"]
[EventCountry "ESP"]
[Source "lmi"]
[SourceDate "2004.01.17"]

1. Nf3 Nf6 2. c4 e6 3. g3 a6 4. Bg2 b5 5. Nd4 c6 6. cxb5 axb5 7. Nxb5 cxb5 8.
Bxa8 d5 9. Qc2 Bd7 10. b4 Bxb4 11. Bb2 O-O 12. a4 bxa4 13. Rxa4 Bxa4 14. Qxa4
Qb6 15. Nc3 Bxc3 16. Bxc3 Na6 17. Bc6 Rc8 18. Bb5 Nc5 19. Qb4 Rb8 20. d4 Nce4
0-1

[Event "29. Abierto Ciudad de Sevilla"]
[Site "Sevilla ESP"]
[Date "2004.01.10"]
[Round "2.19"]
[White "Komljenovic, Davor"]
[Black "Rodriguez Morales, Alberto"]
[Result "1-0"]
[WhiteElo "2441"]
[BlackElo "1987"]
[PlyCount "115"]
[EventDate "2004.01.09"]
[EventType "swiss"]
[EventRounds "9"]
[EventCountry "ESP"]
[Source "lmi"]
[SourceDate "2004.01.17"]

1. c4 e5 2. Nc3 Nf6 3. Nf3 d6 4. d4 exd4 5. Nxd4 Bd7 6. e4 Nc6 7. Be2 Be7 8.
O-O O-O 9. Be3 Nxd4 10. Bxd4 Bc6 11. f3 Nd7 12. Nd5 f5 13. Nxe7+ Qxe7 14. exf5
Rxf5 15. Qd2 Ne5 16. Rae1 Qf7 17. b3 Qg6 18. Bxe5 Rxe5 19. Bd3 Qf6 20. Rxe5
Qxe5 21. Re1 Qc5+ 22. Qf2 Re8 23. Rxe8+ Bxe8 24. Qxc5 dxc5 25. Kf2 g6 26. f4
Bc6 27. g4 Kf7 28. Ke3 Bd7 29. Kf3 Kf6 30. Kg3 c6 31. h4 h5 32. g5+ Kf7 33. f5
Bxf5 34. Bxf5 gxf5 35. Kf4 Ke6 36. g6 Kf6 37. g7 Kxg7 38. Kxf5 Kh6 39. Kf6 b5
40. a4 a6 41. a5 b4 42. Kf5 Kg7 43. Kg5 Kf7 44. Kxh5 Kf6 45. Kg4 Ke5 46. h5 Kd4
47. h6 Kc3 48. h7 Kxb3 49. h8=Q Kxc4 50. Qb8 Kc3 51. Qb6 c4 52. Qxa6 b3 53.
Qxc6 b2 54. Qg6 Kb3 55. a6 c3 56. Qd3 Ka2 57. a7 b1=Q 58. a8=R+ 1-0

[Event "29. Abierto Ciudad de Sevilla"]
[Site "Sevilla ESP"]
[Date "2004.01.10"]
[Round "2.20"]
[White "Hidalgo Paniagua, Fermin"]
[Black "Castellanos Rodriguez, Renier"]
[Result "0-1"]
[WhiteElo "1964"]
[BlackElo "2438"]
[PlyCount "70"]
[EventDate "2004.01.09"]
[EventType "swiss"]
[EventRounds "9"]
[EventCountry "ESP"]
[Source "lmi"]
[SourceDate "2004.01.17"]

1. e4 c5 2. Nf3 d6 3. d4 cxd4 4. Nxd4 Nf6 5. Nc3 a6 6. Be2 e6 7. O-O Qc7 8. Be3
b5 9. a3 Bb7 10. Bd3 Nbd7 11. Nb3 Be7 12. f4 O-O 13. Qe2 Rfe8 14. Rad1 e5 15.
f5 Nc5 16. Nxc5 dxc5 17. Qf3 h6 18. g4 c4 19. Be2 Bc5 20. h4 Nxg4 21. Qxg4
Bxe3+ 22. Kh2 Bf4+ 23. Kh3 Kh8 24. Nd5 Bxd5 25. Rxd5 Rad8 26. Rg1 Rg8 27. f6 g6
28. Rgd1 Rxd5 29. Rxd5 Qb6 30. Kg2 Qxf6 31. a4 h5 32. Qh3 Rd8 33. axb5 axb5 34.
Rxb5 Rd2 35. Rb8+ Kh7 0-1

[Event "29. Abierto Ciudad de Sevilla"]
[Site "Sevilla ESP"]
[Date "2004.01.10"]
[Round "2.21"]
[White "Tissir, Mohamed"]
[Black "Benito Alba, Eladio"]
[Result "1-0"]
[WhiteElo "2436"]
[BlackElo "1955"]
[PlyCount "61"]
[EventDate "2004.01.09"]
[EventType "swiss"]
[EventRounds "9"]
[EventCountry "ESP"]
[Source "lmi"]
[SourceDate "2004.01.17"]

1. e4 c6 2. d4 d5 3. Nc3 dxe4 4. Nxe4 Bf5 5. Ng3 Bg6 6. h4 h6 7. Nf3 Nd7 8. h5
Bh7 9. Bd3 Bxd3 10. Qxd3 Qc7 11. Bd2 Ngf6 12. O-O-O e6 13. c4 O-O-O 14. Kb1 c5
15. d5 exd5 16. cxd5 Bd6 17. Nf5 Ne5 18. Nxd6+ Qxd6 19. Qf5+ Nfd7 20. Nxe5 Qxe5
21. Qxf7 Rhf8 22. Qg6 Rxf2 23. Bc3 Qf5+ 24. Qxf5 Rxf5 25. Bxg7 Rg8 26. Bxh6
Rxg2 27. Be3 Nf6 28. h6 Nh7 29. Bxc5 b6 30. Be3 Kd7 31. Rhg1 1-0

[Event "29. Abierto Ciudad de Sevilla"]
[Site "Sevilla ESP"]
[Date "2004.01.10"]
[Round "2.22"]
[White "Ibarrola Ariño, Ignacio"]
[Black "Van der Weide, Karel"]
[Result "0-1"]
[WhiteElo "1910"]
[BlackElo "2436"]
[PlyCount "102"]
[EventDate "2004.01.09"]
[EventType "swiss"]
[EventRounds "9"]
[EventCountry "ESP"]
[Source "lmi"]
[SourceDate "2004.01.17"]

1. Nf3 Nf6 2. c4 g6 3. d4 Bg7 4. Nc3 O-O 5. e4 d6 6. Be2 e5 7. dxe5 dxe5 8.
Qxd8 Rxd8 9. Nd5 Rd7 10. Nxf6+ Bxf6 11. c5 Rd8 12. Be3 Nc6 13. Rd1 Be6 14. a3
Bb3 15. Rxd8+ Rxd8 16. Nd2 Be6 17. O-O Nd4 18. Bc4 Be7 19. Bxe6 Nxe6 20. b4 Bg5
21. Nc4 Bxe3 22. fxe3 Ng5 23. Nxe5 Re8 24. Nf3 Nxe4 25. Rd1 Nf6 26. Re1 Rd8 27.
Nd4 c6 28. h3 Ne4 29. Kf1 h5 30. Ke2 f5 31. Kf3 h4 32. Ke2 Kf7 33. Rc1 Rd5 34.
Rc4 Kf6 35. Nf3 Ng3+ 36. Kf2 Rd3 37. Rxh4 Ne4+ 38. Ke2 Rxa3 39. Rh7 Ra2+ 40.
Kd3 a5 41. Rxb7 axb4 42. Rxb4 Nxc5+ 43. Kd4 Ne6+ 44. Kd3 Rxg2 45. h4 Rf2 46.
Nd2 Nc5+ 47. Kc3 Re2 48. Nc4 Rh2 49. Nd2 Rh3 50. Kd4 Ne6+ 51. Kd3 f4 0-1

[Event "29. Abierto Ciudad de Sevilla"]
[Site "Sevilla ESP"]
[Date "2004.01.11"]
[Round "3.2"]
[White "Mirzoev, Azer"]
[Black "Estremera Paños, Sergio"]
[Result "1-0"]
[WhiteElo "2551"]
[BlackElo "2353"]
[PlyCount "63"]
[EventDate "2004.01.09"]
[EventType "swiss"]
[EventRounds "9"]
[EventCountry "ESP"]
[Source "lmi"]
[SourceDate "2004.01.17"]

1. d4 Nf6 2. c4 e6 3. Nc3 Bb4 4. Qc2 O-O 5. a3 Bxc3+ 6. Qxc3 b6 7. Bg5 Bb7 8.
e3 d6 9. f3 Nbd7 10. Nh3 c5 11. dxc5 bxc5 12. Nf2 Qb6 13. Be2 a5 14. O-O h6 15.
Bh4 d5 16. Rfd1 Ba6 17. Rd2 Rfb8 18. Rc1 Qb3 19. cxd5 Qxc3 20. Rxc3 Nxd5 21.
Rc1 Bxe2 22. Rxe2 Rb3 23. e4 Nf4 24. Rd2 Ra7 25. Bg3 e5 26. Bxf4 exf4 27. Nd3
Rab7 28. h4 Kh7 29. Rcc2 c4 30. Nxf4 Ne5 31. h5 Nd3 32. Nxd3 1-0

[Event "29. Abierto Ciudad de Sevilla"]
[Site "Sevilla ESP"]
[Date "2004.01.11"]
[Round "3.3"]
[White "Speck, Nick"]
[Black "Cheparinov, Ivan"]
[Result "1-0"]
[WhiteElo "2381"]
[BlackElo "2550"]
[PlyCount "78"]
[EventDate "2004.01.09"]
[EventType "swiss"]
[EventRounds "9"]
[EventCountry "ESP"]
[Source "lmi"]
[SourceDate "2004.01.17"]

1. e4 c5 2. Nf3 d6 3. d4 cxd4 4. Nxd4 Nf6 5. Nc3 a6 6. Bc4 e6 7. Bb3 b5 8. f4
Be7 9. e5 dxe5 10. fxe5 Nfd7 11. Bxe6 Nxe5 12. Bxc8 Qxc8 13. Nd5 Bh4+ 14. g3
Bd8 15. Qe2 f6 16. Bf4 O-O 17. O-O-O Re8 18. Rhe1 Ba5 19. c3 Nbc6 20. Nxc6 Qxc6
21. Bxe5 fxe5 22. Qe4 Rac8 23. Kb1 Qe6 24. Ne3 Bc7 25. Nf5 Rcd8 26. g4 Rd7 27.
Rxd7 Qxd7 28. Ne3 Rf8 29. Rd1 Qe6 30. Qd5 Qxd5 31. Nxd5 Bd6 32. Kc2 e4 33. Rd2
a5 34. Re2 Re8 35. Ne3 g6 36. c4 Rc8 37. b3 a4 38. h4 axb3+ 39. axb3 Kg7 1-0

[Event "29. Abierto Ciudad de Sevilla"]
[Site "Sevilla ESP"]
[Date "2004.01.11"]
[Round "3.4"]
[White "Spraggett, Kevin"]
[Black "Barrero Garcia, Carlos"]
[Result "1-0"]
[WhiteElo "2536"]
[BlackElo "2339"]
[PlyCount "103"]
[EventDate "2004.01.09"]
[EventType "swiss"]
[EventRounds "9"]
[EventCountry "ESP"]
[Source "lmi"]
[SourceDate "2004.01.17"]

1. e4 e6 2. d4 d5 3. Nc3 Bb4 4. e5 c5 5. a3 Bxc3+ 6. bxc3 Qc7 7. Nf3 b6 8. Bb5+
Bd7 9. Bd3 Ba4 10. O-O c4 11. Be2 h6 12. h4 f5 13. exf6 gxf6 14. Re1 Qh7 15.
Ra2 Nd7 16. Nd2 O-O-O 17. Bf3 Nf8 18. Nf1 Ne7 19. h5 Nf5 20. Bf4 Rg8 21. Ne3
Nh4 22. Bg3 Nf5 23. Nxf5 Qxf5 24. Qd2 Rd7 25. Qf4 Qxf4 26. Bxf4 Rh7 27. Kh2 Kd8
28. g3 Rhh8 29. Kg2 Rg7 30. Re2 Be8 31. a4 a5 32. Re1 Rb7 33. Kf1 Bc6 34. Ke2
Ke7 35. Kd2 Kf7 36. g4 Nd7 37. Raa1 Nf8 38. Kc1 Nd7 39. Kb2 Nf8 40. Ka3 Nd7 41.
Rab1 Ke7 42. Re2 Nf8 43. Rbe1 Kd7 44. Bg2 Rh7 45. Bh3 Ra7 46. Bg3 Re7 47. f4
Ke8 48. Bh4 Kf7 49. g5 fxg5 50. fxg5 hxg5 51. Bxg5 Re8 52. Rg1 1-0

[Event "29. Abierto Ciudad de Sevilla"]
[Site "Sevilla ESP"]
[Date "2004.01.11"]
[Round "3.5"]
[White "Barria, Daniel"]
[Black "Strikovic, Aleksa"]
[Result "1-0"]
[WhiteElo "2351"]
[BlackElo "2524"]
[PlyCount "76"]
[EventDate "2004.01.09"]
[EventType "swiss"]
[EventRounds "9"]
[EventCountry "ESP"]
[Source "lmi"]
[SourceDate "2004.01.17"]

1. e4 g6 2. d4 Bg7 3. Nc3 d6 4. Be3 a6 5. g4 b5 6. Bg2 Bb7 7. h4 Nf6 8. g5 Nfd7
9. h5 c5 10. Nge2 Rg8 11. h6 Bh8 12. f4 cxd4 13. Nxd4 e5 14. Nf3 Nb6 15. Nxe5
b4 16. Bxb6 Qxb6 17. Nc4 Qc7 18. Nxd6+ Ke7 19. Nxb7 Bxc3+ 20. bxc3 Qxb7 21. Qd4
bxc3 22. Qc5+ Ke8 23. Qxc3 Nd7 24. O-O Rc8 25. Qd2 Ke7 26. Rab1 Qa7+ 27. Qf2
Qxf2+ 28. Rxf2 Rc7 29. Rb4 Nc5 30. Rc4 Rb8 31. Rd2 Rb2 32. a4 Ra2 33. Rd5 Ne6
34. Rxc7+ Nxc7 35. Ra5 Rxc2 36. Bf1 Ne6 37. Rxa6 Nxf4 38. a5 Ra2 1-0

[Event "29. Abierto Ciudad de Sevilla"]
[Site "Sevilla ESP"]
[Date "2004.01.11"]
[Round "3.6"]
[White "Razmyslov, Alexander"]
[Black "Suba, Mihai"]
[Result "0-1"]
[WhiteElo "2337"]
[BlackElo "2522"]
[PlyCount "136"]
[EventDate "2004.01.09"]
[EventType "swiss"]
[EventRounds "9"]
[EventCountry "ESP"]
[Source "lmi"]
[SourceDate "2004.01.17"]

1. e4 c5 2. c3 d5 3. exd5 Qxd5 4. d4 Nf6 5. Be3 cxd4 6. cxd4 Bg4 7. f3 Bd7 8.
Nc3 Qa5 9. Kf2 e6 10. a3 Be7 11. b4 Qd8 12. d5 exd5 13. Nxd5 Nxd5 14. Qxd5 O-O
15. b5 Bc8 16. Bc4 Nd7 17. Ne2 Nb6 18. Qxd8 Rxd8 19. Bb3 Nd5 20. Bd4 Be6 21.
Rhd1 a6 22. a4 Nc3 23. Bxc3 Bxb3 24. Rxd8+ Rxd8 25. bxa6 bxa6 26. Bd4 f5 27. a5
Bc4 28. Be3 Rd5 29. Ra4 Bb3 30. Rd4 Rxa5 31. Rd7 Bh4+ 32. g3 Bf6 33. Bd4 Rd5
34. Rxd5 Bxd5 35. Bxf6 gxf6 36. Nc3 Bc6 37. Ke3 Kf7 38. f4 Ke6 39. Kd4 Kd6 40.
Nb1 Bb5 41. Nc3 Bc6 42. Nb1 Bd7 43. Na3 Be6 44. Nb1 Kc6 45. Na3 a5 46. Kc3 Kc5
47. Nc2 a4 48. Na3 Kd5 49. Nc4 Ke4 50. Na3 Bb3 51. Nb1 Kd5 52. Nd2 Bd1 53. Nc4
Bb3 54. Nd2 h6 55. Kd3 Bd1 56. Nb1 Kc5 57. Kc3 Be2 58. Na3 Kd5 59. Nc2 Ke4 60.
Kd2 Bg4 61. Na3 Kf3 62. Nc4 Kg2 63. Ke1 Kxh2 64. Kf2 h5 65. Na3 Bd1 66. Nc4 Bc2
67. Na3 Bd3 68. Kf3 Kg1 0-1

[Event "29. Abierto Ciudad de Sevilla"]
[Site "Sevilla ESP"]
[Date "2004.01.11"]
[Round "3.7"]
[White "Perez Pardo, Juan C"]
[Black "Paunovic, Dragan"]
[Result "0-1"]
[WhiteElo "2335"]
[BlackElo "2517"]
[PlyCount "143"]
[EventDate "2004.01.09"]
[EventType "swiss"]
[EventRounds "9"]
[EventCountry "ESP"]
[Source "lmi"]
[SourceDate "2004.01.17"]

1. e4 c5 2. Nf3 e6 3. c3 d5 4. exd5 exd5 5. d4 Nf6 6. Bb5+ Bd7 7. Bxd7+ Nbxd7
8. O-O Be7 9. Nbd2 O-O 10. dxc5 Nxc5 11. Nb3 Nce4 12. Be3 Qd7 13. Re1 Rfe8 14.
Bd4 b6 15. Bxf6 Bxf6 16. Nbd4 g6 17. Qb3 Nc5 18. Qb5 Qxb5 19. Nxb5 Nd3 20.
Rxe8+ Rxe8 21. Nc7 Rd8 22. Rb1 d4 23. cxd4 Bxd4 24. Nxd4 Rxd4 25. b3 Nc5 26.
Nb5 Rd7 27. g3 a6 28. Na3 Rd2 29. Nc4 Rxa2 30. Nxb6 Ne4 31. b4 Nxf2 32. Nd5
Nh3+ 33. Kh1 Ng5 34. Rb3 h5 35. Nf4 Ne4 36. b5 axb5 37. Rxb5 Nd2 38. Re5 h4 39.
gxh4 Nf3 40. Re2 Ra4 41. Nd3 Nxh4 42. h3 Ra3 43. Nf2 f5 44. Kh2 Kf7 45. Rb2 Kf6
46. Rb4 Kg5 47. Rb2 Nf3+ 48. Kg2 Nd4 49. h4+ Kh6 50. Nh3 Ne6 51. Rb6 Ra2+ 52.
Kg3 Ng7 53. Ng5 Nh5+ 54. Kh3 Ra3+ 55. Kh2 Nf4 56. Rb4 Nd5 57. Rd4 Nf6 58. Rd8
Ng4+ 59. Kg2 Ne3+ 60. Kf3 Nd5+ 61. Kf2 Nf4 62. Rh8+ Kg7 63. Rh7+ Kg8 64. Rb7
Nh3+ 65. Kg2 Nxg5 66. hxg5 Ra4 67. Kf3 Rg4 68. Rb8+ Kf7 69. Rb7+ Ke8 70. Rb8+
Kd7 71. Rb7+ Kc6 72. Rg7 0-1